000 00976nam a2200277Ia 4500
003 OSt
005 20220918111951.0
006 a|||||r|||| 00| 0
007 ta
008 220915b |||||||| |||| 00| 0 ben d
024 _a213670
037 _cTextbook
040 _bben
_aARTS
_cARTS
041 _aben
082 _aO157,3N26,5, 152M1
100 _aमहाश्वेता, देवी;
245 0 _aअक्लाकांत कौरव
246 _aAklākāanta kaurava
260 _aनर्द
_bदिल्ली राधाकृष्ण प्रका0
_c1981
300 _a136पृ0
_ccm.
650 _aबंगाली साहित्य
700 _aकुमार, कंचन, अनु.
942 _hO157,3N26,5, 152M1
_cTB
_2CC
999 _c117595
_d117595